Časové rozlíšenie nákladov a výnosov v účtovníctve podnikateľov SR bakalárska práca

Salvato in:
Dettagli Bibliografici
Autore principale: Gazdíková, Zuzana
Ente Autore: Fakulta hospodárskej informatiky EU. Katedra účtovníctva a audítorstva
Altri autori: Kršíková, Veronika, 1986-
Natura: Libro
Lingua:slovacco
Pubblicazione: Bratislava 2012
Tags: Aggiungi Tag
Nessun Tag, puoi essere il primo ad aggiungerne!!

MARC

LEADER 00000nbm a2200000 4500
001 0156395
005 20161109111958.1
041 0 |a slo 
044 |a SK 
245 1 0 |a Časové rozlíšenie nákladov a výnosov v účtovníctve podnikateľov SR  |b bakalárska práca  |c Zuzana Gazdíková ; školiteľ: Veronika Kršíková 
264 1 |a Bratislava  |c 2012 
300 |a 36 s. 
100 1 |a Gazdíková, Zuzana 
700 1 |a Kršíková, Veronika, 1986- 
710 2 |a Fakulta hospodárskej informatiky EU. Katedra účtovníctva a audítorstva